00944nabaa22001697a 4500003000400000005001700004008004100021040000700062100002900069245012600098300001200224500003700236505027300273505008900546650002700635773011200662OSt20260123231829.0190701b xxu||||| |||| 00| 0 spa d cPJ aPlaza, Martín Ignacio 13aLa región, una herramienta constitucional de desarrollo :bel caso de la región del litio /cMartín Ignacio Plaza.  ap. 3-22 aCita: TR LALEY AR/DOC/1111/2024  aSumario: I. Introducción.— II. La región, su naturaleza constitucional.— III. Antecedentes históricos de la idea de región en el noroeste argentino.— IV. La región de litio, sus particularidades.— V. Propuesta de organización.— VI. Conclusiones.  t¿Te interesa el texto completo? Comunicate al correo: koha@justierradelfuego.gov.ar 0aDERECHO ADMINISTRATIVO0 02842dBuenos Aires : AbeledoPerrot, 2012-oDA121tDerecho administrativo. Nº 153 mayo/junio 2024z18510590